Departments of the Roman Republic in 1799 on a Map - Statistics

General Stats
  • This quiz has been taken 23 times
  • The average score is 3 of 8
Answers on the Map
Answers color-coded by a green-red scale on the quiz's map according to % correct below.
 
Answer Stats
Capital Department % Correct
Rome Tevere
94%
Perugia Trasimeno
41%
Fermo Tronto
41%
Ancona Metauro
35%
Spoleto Clitunno
29%
Anagni Circeo
24%
Viterbo Cimino
18%
Macerata Musone
18%
No matching quizzes found
Score Distribution
Percent of People with Each Score
Percentile by Number Answered
Your Score History
You have not taken this quiz